[Event "Stay Safe Play From Home 355"]
[Site "Emanuel Lasker Arena"]
[Date "2020.08.04"]
[Round "8"]
[White "Broken sword"]
[Black "Rogan"]
[Result "1-0"]
[WhiteElo "2388"]
[BlackElo "2244"]
[Annotator "TA"]
[PlyCount "91"]
[EventDate "2020.08.04"]
[EventType "swiss (blitz)"]

{[%evp 9,91,49,46,33,50,48,62,38,45,28,53,41,40,40,41,40,37,20,84,69,197,191,211,192,174,47,46,52,125,41,90,90,91,27,69,75,61,30,29,25,53,25,25,14,46,25,33,31,47,31,50,43,267,44,54,0,261,9,26,0,1,0,0,-4,-4,-90,-87,-72,-30,-96,82,80,82,0,8,0,668,668,651,651,585,531,29988,29988]} 1. e4 d5 2. exd5 Nf6 3. Nf3 Nxd5 4. d4 g6 5. Bc4 Bg7 6. c3 {B01: Scandinavian Defence.} Nb6 7. Bb3 O-O 8. h3 {White is slightly better.} Nc6 9. O-O e5 {[%cal Re5d4]} 10. dxe5 Qxd1 11. Rxd1 Nxe5 12. Nxe5 Bxe5 {[#]} 13. Nd2 $146 ({Predecessor:} 13. Re1 Bf6 14. Bf4 c6 15. Nd2 Bf5 16. Ne4 Bxe4 17. Rxe4 Rfe8 18. Rxe8+ Rxe8 19. Be3 {1-0 (71) Kovalev,V (2661)-Xu,Z (2506) Qingdao 2019}) 13... Rd8 (13... Bf4 $11 {keeps the balance.}) 14. Re1 $16 Bf6 (14... Bf4 $14) 15. Ne4 $18 Bg7 16. Bg5 Rf8 17. Nf6+ ({White should try} 17. Be7 $18) 17... Bxf6 $1 $14 18. Bxf6 Be6 ({Better is} 18... Bd7 $14) 19. Rad1 (19. Rxe6 $16 fxe6 20. Bxe6+ Rf7 21. Re1) 19... Bxb3 20. axb3 Rfe8 21. g4 (21. Rxe8+ $16 Rxe8 22. f3) 21... Re6 22. Rxe6 fxe6 {[%mdl 4096] Endgame KRB-KRN} 23. g5 Kf7 24. c4 Ke8 25. Kg2 Nd7 26. Bc3 Rd8 27. Re1 Kf7 28. b4 Nb6 29. Re4 Rd3 30. Rf4+ Ke7 $2 (30... Kg8 $14) 31. Bf6+ $2 (31. Rh4 $1 $18) 31... Ke8 $1 32. Bc3 $2 (32. b5 $14) 32... Ke7 $18 33. h4 $2 (33. Rh4 $1 $18) 33... Nd7 34. c5 e5 35. Re4 Ke6 36. Re2 Kf5 37. Re1 {[#]} (37. f3 $11) 37... e4 $1 $17 38. Rh1 Ne5 39. h5 {[#]} (39. Ra1 $11) 39... Ng4 $2 (39... Nf3 $1 $17 {keeps the pressure on. Hoping for ...gxh5.} 40. hxg6 hxg6) 40. hxg6 $16 hxg6 41. Rh8 (41. Rh7 $16) 41... Kxg5 42. Rf8 Ne5 $2 {[%mdl 8192]} (42... Rd7 $11) 43. Bxe5 $18 Rd7 44. Bf4+ Kg4 45. Be3 Rf7 46. Rxf7 {Accuracy: White = 51%, Black = 54%.} 1-0

[Event "Stay Safe Play From Home 355"]
[Site "Emanuel Lasker Arena"]
[Date "2020.08.04"]
[Round "8"]
[White "Nuktotitakoi"]
[Black "Lamborghini"]
[Result "0-1"]
[WhiteElo "2385"]
[BlackElo "2245"]
[Annotator "TA"]
[PlyCount "44"]
[EventDate "2020.08.04"]
[EventType "swiss (blitz)"]

{[%evp 9,44,0,66,40,76,16,44,7,10,-68,-53,-190,-177,-199,-68,-272,-53,-39,-37,-420,60,-39,-32,-37,-5,-418,-406,-545,66,-1391,-1370,-1609,-1469,-1571,-1553,-1412,-1046]} 1. Nf3 Nf6 2. Nc3 g6 3. d4 Bg7 4. Bf4 d6 5. Qd2 h6 (5... O-O $11) 6. O-O-O {[#] A48: 1 d4 Nf6 2 Nf3 g6: Torre, London and Colle Systems.} a6 $146 ({Predecessor:} 6... Nh5 7. Be3 Nc6 8. h3 Na5 9. b3 b6 10. g4 Nf6 11. Nh4 Bb7 12. f3 Qd7 13. Bf2 {1-0 (44) Planella Sanchez,J (1978)-Rodriguez,S (1801) Barcelona 2019}) 7. h4 (7. e4 $16) 7... b5 $11 8. a3 {White is slightly better.} Bb7 9. d5 (9. Qe1 $11) 9... c5 $15 {White must now prevent ...b4.} 10. dxc6 (10. e4 $1 $15) 10... Nxc6 $19 11. e4 Rc8 (11... b4 $1 $19 {[%cal Rb4c3]} 12. axb4 Nxb4) 12. Kb1 $2 (12. e5 $1 $15 dxe5 13. Qxd8+ Nxd8 14. Bxe5) 12... Ng4 $2 (12... b4 $1 $19 {[%cal Rb4c3]} 13. axb4 Nxb4) 13. Nd5 e6 14. Ne3 $2 {[%mdl 8192] [#]} (14. Nc3 $15) 14... Nge5 $2 (14... Qf6 $1 $19 {[%csl Gg7][%cal Rf6b2][%mdl 512]} 15. e5 Qxf4 16. exd6 O-O 17. Nxg4 Qxg4) 15. Nd4 (15. Qxd6 $14 Qxd6 16. Rxd6) 15... Nxd4 16. Qxd4 O-O $36 {[%mdl 2048] aiming for ...Nc4. Black has good play.} 17. f3 $2 {[%mdl 8192]} (17. Qxd6 $11 Bxe4 18. f3 Qxd6 19. Rxd6) 17... Nc4 18. Qa7 {[#] Black should prevent Nxc4.} Qc7 $2 ({Inferior is} 18... Nxe3 19. Qxe3 h5 20. Rxd6 $16) ({Black should try} 18... Nxa3+ $1 $19 {[%mdl 512]} 19. bxa3 Qf6) 19. c3 $2 {[%mdl 8192]} (19. Bxc4 $14 Rfd8 20. Bb3) 19... Nxb2 {Black is clearly winning.} 20. Rc1 {[#]} Bxe4+ $1 {[%mdl 576] Discovered Attack} 21. fxe4 Qxa7 22. Kxb2 e5 {Accuracy: White =  3%, Black = 51%.} 0-1

[Event "Stay Safe Play From Home 355"]
[Site "Emanuel Lasker Arena"]
[Date "2020.08.04"]
[Round "8"]
[White "SoulofWolf"]
[Black "Fischer_11"]
[Result "1-0"]
[WhiteElo "2131"]
[BlackElo "2114"]
[Annotator "NA RC"]
[PlyCount "91"]
[EventDate "2020.08.04"]
[EventType "swiss (blitz)"]

1. Nf3 {[%emt 0:00:00]} Nf6 {[%emt 0:00:01]} 2. c4 {[%emt 0:00:00]} g6 {[%emt 0:00:00]} 3. e3 {[%emt 0:00:00]} Bg7 {[%emt 0:00:00]} 4. d4 {[%emt 0:00:00]} d5 {[%emt 0:00:00]} 5. Be2 {[%emt 0:00:00]} dxc4 {[%emt 0:00:01]} 6. O-O {[%emt 0:00:00]} c5 {[%emt 0:00:00]} 7. Bxc4 {[%emt 0:00:01]} cxd4 {[%emt 0:00:00]} 8. Qxd4 {[%emt 0:00:01]} O-O {[%emt 0:00:01]} 9. Qxd8 {[%emt 0:00:02]} Rxd8 {[%emt 0:00:00]} 10. Nc3 {[%emt 0:00:01]} a6 {[%emt 0:00:00]} 11. a4 {[%emt 0:00:01]} Nc6 {[%emt 0:00:01]} 12. Ba2 {[%emt 0:00:01]} Bg4 {[%emt 0:00:04]} 13. h3 {[%emt 0:00:05]} Bxf3 {[%emt 0:00:01]} 14. gxf3 {[%emt 0:00:00]} Rac8 {[%emt 0:00:01]} 15. Kg2 {[%emt 0:00:01]} e6 {[%emt 0:00:01]} 16. e4 {[%emt 0:00:01]} Nd4 {[%emt 0:00:02]} 17. Bg5 {[%emt 0:00:02]} h6 {[%emt 0:00:01]} 18. Bf4 {[%emt 0:00:01]} Nd7 {[%emt 0:00:05]} 19. Rad1 {[%emt 0:00:03]} Nb6 {[%emt 0:00:03]} 20. a5 {[%emt 0:00:01]} Nc4 {[%emt 0:00:04]} 21. Na4 {[%emt 0:00:03]} Nxa5 {[%emt 0:00:04]} 22. Nb6 {[%emt 0:00:04]} Rc2 {[%emt 0:00:06]} 23. Rb1 {[%emt 0:00:05]} e5 {[%emt 0:00:01]} 24. Be3 {[%emt 0:00:01]} Nc4 {[%emt 0:00:01]} 25. Bxc4 {[%emt 0:00:03]} Rxc4 {[%emt 0:00:01]} 26. Nxc4 {[%emt 0:00:01]} b5 {[%emt 0:00:00]} 27. Nb6 {[%emt 0:00:02]} a5 {[%emt 0:00:02]} 28. Rfd1 {[%emt 0:00:02]} h5 {[%emt 0:00:02]} 29. Nd5 {[%emt 0:00:00]} Rc8 {[%emt 0:00:01]} 30. f4 {[%emt 0:00:01]} Kf8 {[%emt 0:00:03]} 31. fxe5 {[%emt 0:00:01]} Bxe5 {[%emt 0:00:00]} 32. f4 {[%emt 0:00:01]} Nc2 {[%emt 0:00:03]} 33. Bd2 {[%emt 0:00:03]} Ne3+ {[%emt 0:00:00]} 34. Bxe3 {[%emt 0:00:01]} Bd6 {[%emt 0:00:01]} 35. Nb6 {[%emt 0:00:01]} Rc6 {[%emt 0:00:01]} 36. Rbc1 {[%emt 0:00:02]} Rxc1 {[%emt 0:00:02]} 37. Rxc1 {[%emt 0:00:00]} Bb4 {[%emt 0:00:01]} 38. e5 {[%emt 0:00:01]} f6 {[%emt 0:00:00]} 39. Nd7+ {[%emt 0:00:00]} Ke7 {[%emt 0:00:00]} 40. Nxf6 {[%emt 0:00:00]} Ke6 {[%emt 0:00:01]} 41. Ne4 {[%emt 0:00:01]} Kf5 {[%emt 0:00:00]} 42. Nc5 {[%emt 0:00:00]} a4 {[%emt 0:00:00]} 43. Kf3 {[%emt 0:00:00]} a3 {[%emt 0:00:00]} 44. bxa3 {[%emt 0:00:00]} Bxa3 {[%emt 0:00:01]} 45. Rc2 {[%emt 0:00:00]} Bxc5 {[%emt 0:00:00]} 46. Rxc5 {[%emt 0:00:00] Zeit Zeit Zeit Zeit Zeit ' ' ' ' ' (Lag: Av=0.36s, max=0.8s) (Lag: Av=0.36s, max=0.8s) (Lag: Av=0.36s, max=0.8s) (Lag: Av=0.36s, max=0.8s) (Lag: Av=0.36s, max=0.8s)} 1-0

[Event "Stay Safe Play From Home 355"]
[Site "Emanuel Lasker Arena"]
[Date "2020.08.04"]
[Round "8"]
[White "Greblha"]
[Black "Cirovicz"]
[Result "1-0"]
[WhiteElo "1918"]
[BlackElo "1834"]
[Annotator "TA"]
[PlyCount "115"]
[EventDate "2020.08.04"]
[EventType "swiss (blitz)"]

{[%evp 9,114,0,101,99,89,77,96,84,75,0,-11,-5,31,10,54,15,65,66,122,114,246,276,255,223,217,223,361,350,630,562,538,494,702,703,699,640,836,819,886,883,989,959,1935,1677,1173,859,926,890,785,758,670,502,768,660,828,656,627,621,1733,1670,1475,1553,1554,1510,29982,29983,29981,29982,29987,29988,29988,29989,29989,29990,29990,29988,29988,29988,29986,29985,29985,29986,29988,29989,29989,29990,29990,29991,29991,29992,29994,29995,29995,29995,29995,29996,29996,29996,29996,29996,29996,29997,29997,29997,29998,29999,29999]} 1. e4 e5 2. Nf3 Nc6 3. Bb5 a6 4. Bxc6 dxc6 5. d4 Bd6 (5... exd4 $11 6. Qxd4 Qxd4 7. Nxd4 Nf6) 6. dxe5 $16 {C68: Ruy Lopez: Exchange Variation, sidelines.} Bb4+ 7. c3 Qxd1+ 8. Kxd1 {White is better.} Bc5 {[#]} 9. Be3 $146 (9. Nd4 $16) ({Predecessor:} 9. Nd4 Ne7 10. Nd2 O-O 11. b4 Bb6 12. f4 Bg4+ 13. N2f3 Rad8 14. Be3 c5 15. bxc5 Bxc5 {1-0 (32) Miciak,M-Valicek,J Slovakia 2000}) 9... Bxe3 $11 10. fxe3 Bg4 11. Nbd2 O-O-O 12. Kc2 Nh6 13. h3 $36 {[%mdl 2048] Black is under pressure.} Bh5 {[#]} (13... Bd7 $14) 14. g4 $1 $16 {[%cal Rg4h5]} Bxg4 {This costs Black the game.} (14... Bg6 $16 {was called for.}) 15. hxg4 $18 Nxg4 16. Rae1 h5 17. Ng5 f6 (17... Nxe5 $142 18. Ndf3 Nxf3 19. Nxf3 Rde8) 18. Nf7 fxe5 $2 (18... Nxe5 19. Nxh8 Rxh8) 19. Nxd8 Kxd8 20. Nf3 g5 (20... g6 $142 21. Ng5 Ke7) 21. Nxg5 {Black must now prevent Nf7+.} Ke7 22. Rh4 Rf8 23. Rxh5 Rf2+ 24. Kb3 b5 25. Rh7+ Kf6 26. Rxc7 Kxg5 27. Rxc6 {[%mdl 4096] Endgame KRR-KRN} Rf3 28. Rxa6 Nxe3 29. a4 bxa4+ 30. Rxa4 Ng4 (30... Kf4 $142 31. Rh1 Rg3) 31. Ra5 Kf4 32. Rd5 Nf2 33. Kb4 Nd3+ 34. Rxd3 $1 Rxd3 {KR-KR} 35. c4 Rd4 36. b3 Rxe4 37. Rxe4+ {White mates.} Kxe4 {[#] KPP-KP} 38. c5 $1 Kd3 39. c6 e4 40. c7 e3 41. c8=Q e2 42. Qd7+ Kc2 43. Qe6 Kd1 44. Qxe2+ Kxe2 {KP-K} 45. Kc5 Ke3 46. b4 Ke4 47. b5 Ke5 48. b6 Ke6 49. b7 Kd7 50. b8=Q Ke7 51. Qd6+ Kf7 52. Kd5 Kg7 53. Qe6 Kf8 54. Ke5 Kg7 55. Qf6+ Kg8 56. Qe7 Kh8 57. Kf6 {[%csl Gf6][%cal Re7g7]} Kg8 58. Qg7# {Accuracy: White = 82%, Black = 33%.} 1-0

[Event "Stay Safe Play From Home 355"]
[Site "Emanuel Lasker Arena"]
[Date "2020.08.04"]
[Round "8"]
[White "Trotsky"]
[Black "AChessPlayer"]
[Result "0-1"]
[WhiteElo "1666"]
[BlackElo "2408"]
[Annotator "TA"]
[PlyCount "52"]
[EventDate "2020.08.04"]
[EventType "swiss (blitz)"]

{[%evp 9,52,70,85,73,68,3,14,-11,0,6,15,-83,-88,-255,-166,-266,-95,-202,-193,-184,-149,-225,-216,-239,-155,-293,-218,-893,-706,-845,-814,-930,-950,-2460,-2453,-29989,-29990,-29990,-29991,-29995,-29993,-29994,-29992,-29992,-29989]} 1. d4 c6 2. e3 d5 3. c4 g6 4. Nc3 dxc4 5. Bxc4 Nf6 {[#]} 6. Qc2 $146 {D10: Slav Defence: 3 cxd5 (without early Nf3) and 3 Nc3.} ({Predecessor:} 6. Nf3 Bg7 7. O-O O-O 8. e4 b5 9. Bd3 b4 10. Na4 Ba6 11. Re1 Bxd3 12. Qxd3 Qa5 13. Qb3 {1-0 (48) Stojanovic,M (2522)-Lemmers,O (2327) Porto Carras 2018}) 6... Bg7 7. Bd3 (7. Nf3 $14) 7... O-O 8. Bd2 {The position is equal.} Nbd7 9. Nf3 c5 10. Ng5 (10. d5 $11 {keeps the balance.}) 10... cxd4 $17 11. Nce4 $2 {[#]} (11. exd4 $17 e5 12. Ne2) 11... Nxe4 12. Nxe4 (12. Bxe4 {was forced.} Nf6 13. O-O) 12... Nf6 $2 (12... Ne5 $19 {and Black stays clearly on top.} 13. exd4 Qxd4) 13. Ng5 (13. O-O $17 {is a better defense.}) 13... dxe3 $19 14. Bxe3 Bg4 15. f3 (15. O-O $17 {was called for.}) 15... Rc8 16. Qb3 Bd7 17. Bc4 (17. O-O $17) 17... e6 18. Qc2 $2 (18. O-O) 18... b5 19. h4 Rxc4 20. Qb1 Nd5 {[%cal Bf6d5,Bd5e3,Be3c2][%mdl 32]} 21. h5 Nxe3 22. hxg6 Qxg5 {Black mates.} 23. gxf7+ Kxf7 24. Rf1 Qg3+ 25. Rf2 Nc2+ 26. Kf1 {[#]} Bd4 $1 {Accuracy: White = 17%, Black = 38%.} 0-1

[Event "Stay Safe Play From Home 355"]
[Site "Emanuel Lasker Arena"]
[Date "2020.08.04"]
[Round "8"]
[White "Ao017545"]
[Black "TheCHESSHOUSE"]
[Result "0-1"]
[WhiteElo "1659"]
[BlackElo "2092"]
[Annotator "NA RC"]
[PlyCount "66"]
[EventDate "2020.08.04"]
[EventType "swiss (blitz)"]

1. e4 {[%emt 0:00:04]} c5 {[%emt 0:00:01]} 2. Nf3 {[%emt 0:00:00]} d6 {[%emt 0:00:00]} 3. Nc3 {[%emt 0:00:00]} Nf6 {[%emt 0:00:01]} 4. Bb5+ {[%emt 0:00:00]} Bd7 {[%emt 0:00:01]} 5. Bc4 {[%emt 0:00:02]} e6 {[%emt 0:00:01]} 6. e5 {[%emt 0:00:01]} dxe5 {[%emt 0:00:01]} 7. Nxe5 {[%emt 0:00:00]} Be7 {[%emt 0:00:00]} 8. Nxd7 {[%emt 0:00:00]} Nbxd7 {[%emt 0:00:00]} 9. O-O {[%emt 0:00:01]} O-O {[%emt 0:00:00]} 10. d4 {[%emt 0:00:01]} a6 {[%emt 0:00:01]} 11. Qg4 {[%emt 0:00:01]} Nxg4 {[%emt 0:00:02]} 12. dxc5 {[%emt 0:00:02]} Nxc5 {[%emt 0:00:02]} 13. Be2 {[%emt 0:00:02]} Ne5 {[%emt 0:00:01]} 14. Bf4 {[%emt 0:00:02]} Bf6 {[%emt 0:00:01]} 15. Be3 {[%emt 0:00:03]} Qc7 {[%emt 0:00:01]} 16. f4 {[%emt 0:00:01]} Ng6 {[%emt 0:00:02]} 17. Bf3 {[%emt 0:00:06]} b5 {[%emt 0:00:02]} 18. b4 {[%emt 0:00:02]} Bxc3 {[%emt 0:00:02]} 19. Bxc5 {[%emt 0:00:01]} Bxa1 {[%emt 0:00:03]} 20. Bxf8 {[%emt 0:00:00]} Bd4+ {[%emt 0:00:02]} 21. Kh1 {[%emt 0:00:05]} Rxf8 {[%emt 0:00:00]} 22. Rd1 {[%emt 0:00:03]} e5 {[%emt 0:00:02]} 23. f5 {[%emt 0:00:00]} Nf4 {[%emt 0:00:01]} 24. Be4 {[%emt 0:00:00]} Qc3 {[%emt 0:00:01]} 25. Bd3 {[%emt 0:00:00]} Qxb4 {[%emt 0:00:02]} 26. Rc1 {[%emt 0:00:02]} Nxd3 {[%emt 0:00:01]} 27. cxd3 {[%emt 0:00:02]} Qd2 {[%emt 0:00:00]} 28. Ra1 {[%emt 0:00:04]} h6 {[%emt 0:00:01]} 29. Rb1 {[%emt 0:00:01]} Rc8 {[%emt 0:00:01]} 30. h3 {[%emt 0:00:01]} Be3 {[%emt 0:00:02]} 31. Rf1 {[%emt 0:00:03]} Bf4 {[%emt 0:00:01]} 32. a3 {[%emt 0:00:05]} Rc1 {[%emt 0:00:01]} 33. d4 {[%emt 0:00:00]} Rxf1# {[%emt 0:00:01] (Lag: Av=0.91s, max=1.7s) (Lag: Av=0.91s, max=1.7s) (Lag: Av=0.91s, max=1.7s) (Lag: Av=0.91s, max=1.7s) (Lag: Av=0.91s, max=1.7s)} 0-1

[Event "Stay Safe Play From Home 355"]
[Site "Emanuel Lasker Arena"]
[Date "2020.08.04"]
[Round "8"]
[White "Belmonte"]
[Black "GIULIO19031975"]
[Result "0-1"]
[WhiteElo "1620"]
[BlackElo "1739"]
[Annotator "NA RC"]
[PlyCount "52"]
[EventDate "2020.08.04"]
[EventType "swiss (blitz)"]

1. c4 {[%emt 0:00:02]} e5 {[%emt 0:00:01]} 2. d3 {[%emt 0:00:01]} Nf6 {[%emt 0:00:00]} 3. Nc3 {[%emt 0:00:01]} Nc6 {[%emt 0:00:00]} 4. g3 {[%emt 0:00:01]} Bb4 {[%emt 0:00:01]} 5. Bg2 {[%emt 0:00:01]} Bxc3+ {[%emt 0:00:01]} 6. bxc3 {[%emt 0:00:01]} d6 {[%emt 0:00:00]} 7. Bxc6+ {[%emt 0:00:01]} bxc6 {[%emt 0:00:01]} 8. Nf3 {[%emt 0:00:02]} O-O {[%emt 0:00:01]} 9. O-O {[%emt 0:00:01]} e4 {[%emt 0:00:00]} 10. dxe4 {[%emt 0:00:01]} Nxe4 {[%emt 0:00:00]} 11. Bd2 {[%emt 0:00:03]} Ba6 {[%emt 0:00:01]} 12. Qc2 {[%emt 0:00:04]} d5 {[%emt 0:00:02]} 13. cxd5 {[%emt 0:00:02]} cxd5 {[%emt 0:00:01]} 14. Nd4 {[%emt 0:00:01]} h5 {[%emt 0:00:04]} 15. f3 {[%emt 0:00:04]} Nxg3 {[%emt 0:00:02]} 16. hxg3 {[%emt 0:00:01]} c5 {[%emt 0:00:00]} 17. Nf5 {[%emt 0:00:03]} Bxe2 {[%emt 0:00:01]} 18. Rfe1 {[%emt 0:00:02]} Bxf3 {[%emt 0:00:03]} 19. Nh4 {[%emt 0:00:05]} Bg4 {[%emt 0:00:02]} 20. Rad1 {[%emt 0:00:07]} Qc7 {[%emt 0:00:01]} 21. Qd3 {[%emt 0:00:04]} Bxd1 {[%emt 0:00:02]} 22. Rxd1 {[%emt 0:00:02]} d4 {[%emt 0:00:01]} 23. cxd4 {[%emt 0:00:02]} cxd4 {[%emt 0:00:01]} 24. Qxd4 {[%emt 0:00:01]} Qxg3+ {[%emt 0:00:02]} 25. Kh1 {[%emt 0:00:04]} Rad8 {[%emt 0:00:02]} 26. Rg1 {[%emt 0:00:03]} Qh3# {[%emt 0:00:05] (Lag: Av=0.47s, max=0.6s) (Lag: Av=0.47s, max=0.6s) (Lag: Av=0.47s, max=0.6s) (Lag: Av=0.47s, max=0.6s) (Lag: Av=0.47s, max=0.6s)} 0-1

[Event "Stay Safe Play From Home 355"]
[Site "Emanuel Lasker Arena"]
[Date "2020.08.04"]
[Round "9"]
[White "NTBT_DHS"]
[Black "SoulofWolf"]
[Result "1-0"]
[WhiteElo "2588"]
[BlackElo "2147"]
[Annotator "TA"]
[PlyCount "171"]
[EventDate "2020.08.04"]
[EventType "swiss (blitz)"]

{[%evp 9,171,45,31,48,44,43,48,-6,6,-19,122,67,75,64,84,-281,-271,-266,-163,-160,-187,-177,-183,-191,-116,-250,-137,-687,-134,-183,-186,-209,-215,-217,-102,-108,-112,-164,-104,-148,-138,-138,29,-95,-45,-62,-39,-67,-46,-67,0,0,0,0,43,0,0,0,44,0,0,0,0,0,0,0,0,0,1,3,45,0,343,445,512,503,397,133,469,31,40,47,773,396,343,0,555,25,12831,642,631,464,461,380,627,137,584,477,533,467,903,506,423,372,247,0,0,0,0,0,0,0,0,-538,-403,-272,0,-943,-690,-5791,12849,12849,12850,12850,12850,27999,12851,12851,12851,27999,12851,27999,12851,27999,12851,27999,12851,27999,12851,27999,12851,27999,12851,27999,12851,27999,12851,27999,29993,29990,12851,29993,29997,0,27999,27983,27984,27984,27988,27983,27984,0,27985,27983]} 1. d4 c5 2. d5 e6 3. Nc3 exd5 4. Nxd5 Nf6 5. g3 Nxd5 6. Qxd5 {A43: Schmid Benoni.} Be7 7. Bg2 {[#]} O-O $146 ({Predecessor:} 7... Nc6 8. Nh3 Nb4 9. Qd1 d5 10. c3 Nc6 11. Nf4 d4 12. O-O O-O 13. cxd4 cxd4 {1-0 (35) Pourramezanali,A (2488)-Bykov,O (2366) Moscow 2020}) 8. Bf4 (8. e4 $14) 8... Nc6 9. O-O-O Bf6 (9... Qa5 $11) 10. c3 (10. Qxc5 $16 Re8 11. Kb1) 10... Qa5 $14 11. Bd6 $1 {[%cal Rd6f8]} Re8 12. Bxc5 $2 {[%mdl 8192]} (12. h4 $16) 12... Re5 $1 $19 {[%cal Re5d5]} 13. Bb4 Nxb4 14. Qxa5 Rxa5 15. cxb4 Rxa2 16. Rd2 {[#]} d6 $1 {[%mdl 512]} 17. Bd5 (17. Kb1 $17 Be6 18. Nh3) (17. Rxd6 Bf5) 17... Ra4 (17... Ra1+ $19 18. Kc2 Bf5+ 19. e4 Rc8+ 20. Kd3 Bg4) 18. Nf3 $2 {[%mdl 8192]} (18. Kb1 $17) 18... Rxb4 $2 (18... Ra1+ $19 {is more deadly.} 19. Kc2 Rxh1) 19. e4 Bg4 20. Ne1 Rc8+ 21. Kb1 Bg5 (21... Bc3 $1 $19 {[%cal Rc3d2] and Black stays clearly on top.} 22. Rc2 Bd1) 22. f4 Bf6 23. h3 (23. Nd3 $17 Rd4 24. Rc1) 23... Bd7 (23... Be6 $1 $19 24. Bxe6 fxe6) 24. g4 Bb5 25. g5 Be7 $2 (25... Bd4 $17 26. Rhh2 Be3) 26. Nd3 (26. Nc2 $11 {keeps the balance.} Ra4 27. Bxb7) 26... Ra4 27. Rc1 Bc6 28. Nf2 g6 29. Rdc2 {[%cal Rd5c6]} Rd8 (29... Kg7 $15) 30. Bxc6 $11 bxc6 31. Rxc6 h6 32. h4 hxg5 33. hxg5 Rd7 34. Rc7 (34. Rc8+ {with more complications.} Kg7 35. Rh1 Rd8 36. Rc3 Rg8 37. Rch3) 34... Rxc7 35. Rxc7 {[%mdl 4096] Endgame KRB-KRN} Kf8 36. Rc8+ Kg7 37. Rc7 Kf8 38. Rc8+ Kg7 39. Re8 Bf8 40. Ng4 (40. b3 $5 {[%cal Rb3a4]} Rb4 41. Kc2 $11) 40... Rd4 $2 {[%mdl 8192]} (40... f5 $1 $11 41. gxf6+ Kf7) 41. Nf6 $18 Rd1+ 42. Kc2 Rf1 43. Kd3 $2 (43. Nd7 $18) 43... Rf2 $2 {[%mdl 8192]} (43... Rxf4 $16 44. Nd7 d5) 44. Rb8 $2 (44. Ke3 $18 Rxb2 45. Nd7) 44... Rf3+ 45. Kd4 {Black must now prevent Nd7.} Rh3 $2 {[%mdl 8192]} (45... Rxf4 $14 46. Ne8+ Kg8) 46. Ne8+ Kg8 47. Nf6+ $2 (47. b4) 47... Kg7 48. e5 $2 (48. Nd7 $18) 48... Rh1 $2 {[%mdl 8192]} (48... dxe5+ $11 49. Kxe5 Re3+ 50. Kd5 Re1) 49. Ne8+ (49. exd6 $142 Rd1+ 50. Ke4 Rxd6 51. Ne8+ {[%mdl 64] Double Attack} Kh7 52. Nxd6 Bxd6 53. Rb7) 49... Kg8 50. Nxd6 Rd1+ 51. Ke4 Rf1 $2 (51... a5 52. Kf3 Rf1+ 53. Ke4 Re1+ 54. Kf3 Rf1+ 55. Ke4 Rd1) 52. Kd5 $2 (52. b4 $18 {aiming for Ra8.} Re1+ 53. Kd5) 52... Re1 $2 {[%mdl 8192]} (52... Rxf4 $16 53. Rb7 a5) 53. Kc6 Rd1 54. Kd7 Rc1 (54... Rd4 $142 55. Ke8 Rxf4) 55. Rb7 Rd1 56. Ke8 {Threatens to win with Ne4.} Bxd6 {[#]} 57. exd6 $2 (57. Rd7 $1 $18) 57... Rxd6 {KR-KR} 58. Rb8 {White threatens Ke7+ and mate.} Re6+ 59. Kd7+ Kg7 60. Kc7 Re4 61. Kc8 $2 {[%mdl 8192]} (61. b4 $11 {and White has nothing to worry.}) 61... Rc4+ 62. Kb7 {[#]} Rxf4 $2 ({Black should play} 62... a5 $1 $19 63. Ra8 a4) 63. Ka8 $2 {[%mdl 8192]} (63. Kxa7 $11 Ra4+ 64. Kb6) 63... Rg4 64. Rb5 Rxg5 $4 {[%mdl 8192]} (64... a6 $19 65. Rc5 Rb4) 65. Rxg5 $19 {KR-K3P} f6 66. Ra5 Kh6 67. Rxa7 $18 {White wants to mate with b4. KR-KPP} g5 68. Rf7 Kg6 69. Rf8 f5 70. b4 Kh5 71. b5 {Threatening mate with b6.} f4 72. b6 {b7 would kill now.} Kg4 73. b7 Kf3 74. b8=Q g4 75. Qc8 g3 76. Qc3+ Kf2 77. Rg8 {Intending Rd8 and mate.} f3 78. Qd4+ Kg2 79. Re8 f2 {[#]} 80. Re2 $1 Kg1 81. Rxf2 g2 $2 {[%mdl 8192] [#]} (81... gxf2 $11 82. Qc5 Kf1) 82. Qg4 $3 {[%csl Gf2][%cal Rg4g2]} Kxf2 83. Qf4+ Kg1 84. Qg4 Kh1 85. Qg5 Kg1 $2 {[%mdl 8192]} (85... g1=Q $11 86. Qe5 Qh2 87. Qd5+ Qg2 88. Qxg2+ Kxg2) 86. Qh4 {White used his chance. Accuracy: White = 38%, Black = 39%.} 1-0

[Event "Stay Safe Play From Home 355"]
[Site "Emanuel Lasker Arena"]
[Date "2020.08.04"]
[Round "9"]
[White "AChessPlayer"]
[Black "Rogan"]
[Result "1-0"]
[WhiteElo "2409"]
[BlackElo "2234"]
[Annotator "TA"]
[PlyCount "43"]
[EventDate "2020.08.04"]
[EventType "swiss (blitz)"]

{[%evp 9,42,-2,5,-8,0,-8,0,-4,4,-9,-9,-22,4,0,28,18,91,106,225,151,272,285,493,480,1211,1218,1213,1182,1322,802,2502,2241,29996,29997,29999]} 1. Nf3 d5 2. g3 c6 3. Bg2 Nf6 4. O-O Bg4 5. Ne5 Bh5 6. d3 {A07: Réti Opening: New York and Capablanca Systems.} Nbd7 7. Nxd7 Qxd7 8. Nd2 {The position is equal.} e6 9. Nf3 Bd6 {[#]} 10. b3 $146 ({Predecessor:} 10. c4 O-O 11. Bg5 Qe7 12. h3 h6 13. Be3 Bxf3 14. exf3 Bc5 15. d4 Bd6 16. c5 {0-1 (46) Kurganov,D (2106)-Verzhansky,A (2327) Novosibirsk 2003}) 10... O-O-O 11. Bb2 Rde8 12. c4 dxc4 (12... Kb8 $11 {keeps the balance.}) 13. bxc4 $16 Rd8 (13... Bxf3 $16 {keeps fighting.} 14. Bxf3 e5) 14. Qb3 Ng4 (14... Bxf3 $16 15. Bxf3 h5) 15. Rab1 $18 ({Don't do} 15. Bxg7 $6 Rhg8 $18) 15... b6 $2 {[#]} (15... Qc7 16. Bxg7 Rhg8) 16. h3 Ne5 (16... Nxf2 $142 17. Kxf2 f6) 17. Nxe5 Bxe5 18. Bxe5 Bxe2 19. Rfe1 Qxd3 {[#]} 20. Qa4 $1 {[%cal Ra4c6][%mdl 64] Double Attack} Qxc4 21. Qxa7 {[%csl Ge5][%cal Ra7c7][%mdl 64] Double Attack} Rd7 22. Qb8# {Black got outplayed after the opening. Accuracy: White = 75%, Black = 16%.} 1-0